Statystyki dla Władcy Polski

Kliknij tutaj aby rozwiązać quiz!

Ogólne statystyki

  • Ten quiz został rozwiązany 3 503 razy
  • Średni wynik to 21 z 37

Statystyki odpowiedzi

HintOdpowiedź% Poprawnych
ok. 960-992Mieszko I
99%
992-1025Bolesław I Chrobry
98%
1333-1370Kazimierz III Wielki
84%
1386-1434Władysław II Jagiełło
84%
1764-1795Stanisław August Poniatowski
83%
1648-1668Jan II Kazimierz
80%
1102-1138Bolesław III Krzywousty (początkowo wspólnie ze Zbigniewem)
78%
1320-1333Władysław I Łokietek
76%
1384-1399Jadwiga
72%
1674-1696Jan III Sobieski
71%
1587-1632Zygmunt III Waza
71%
1530-1572Zygmunt II August
64%
1506-1548Zygmunt I Stary
64%
1576-1586Stefan Batory
62%
1034-1058Kazimierz I Odnowiciel
60%
1573-1575Henryk Walezy
58%
1632-1648Władysław IV Waza
58%
1025-1031Mieszko II Lambert
57%
1032-1034Mieszko II Lambert
57%
1434-1444Władysław III Warneńczyk
51%
1733-1763August III Sas
50%
1697-1704August II Mocny
47%
1709-1733August II Mocny
47%
1370-1382Ludwik Węgierski
47%
1058-1079Bolesław II Szczodry
46%
1669-1673Michał Korybut Wiśniowiecki
43%
1295-1296Przemysł II
43%
1492-1501Jan I Olbracht
42%
1031-1032Bezprym
40%
1733-1736Stanisław Leszczyński
40%
1704-1709Stanisław Leszczyński
40%
1300-1305Wacław II
39%
1306-1306Wacław III
39%
1575-1586Anna Jagiellonka
38%
1079-1102Władysław I Herman
37%
1447-1492Kazimierz IV Jagielończyk
34%
1501-1506Aleksander Jagielończyk
29%

Rozkład punktacji

Percentyl według liczby udzielonych odpowiedzi

Procent ludzi z każdym wynikiem

Twoja historia wyników

Nie rozwiązałeś tego quizu